00599cam a22002291 4500001001300000003000400013005001700017008004100034010001700075025002000092035002000112040002100132042001200153050002100165100003300186245004900219260003100268300001800299500001800317500001700335999001700352sa 66002597 DLC20260227112230.0940604s1964 ii 000 0 malo  asa 66002597  aPL480:I-Mal-700 a(OCoLC)30549025 aDLCcCUdCUdDLC apremarc00aPL4718.9.V28bP71 aVarkki, Muṭṭattu,d1918-10aPr̲iyamuḷḷavaḷē ninakkuvēṇṭi. a[n.p.,bJ. Johnson,c1964] a99 p.c19 cm. aIn Malayalam. aProse poems. c68473d68473